| 000 | 00678nam a2200205 i 4500 | ||
|---|---|---|---|
| 001 | 23860 | ||
| 003 | ES-MaACL | ||
| 005 | 20230906152940.0 | ||
| 007 | t| | ||
| 008 | 021212s1930 fr ||||1| fre d | ||
| 100 | 1 |
_aAndócides. _921497 |
|
| 245 | 1 | 0 |
_aDiscours / _cAndócides ; texte établi et traduit par Georges Dalmeyda. |
| 260 |
_aParis : _bSocieté d'Education "Les Belles Lettres", _c1930 ( _eChartres : _fDurand) |
||
| 300 |
_aXXXVI, 154 p. ; _c20 cm. |
||
| 490 | 1 | _aCollection des Universités de France | |
| 700 | 1 |
_aDalmeyda, Georges. _942532 |
|
| 830 | 0 |
_aCollection des Universités de France _9180876 |
|
| 852 |
_aES-MaACL _jC-6838 |
||
| 999 |
_c23860 _d23860 |
||